Statistics for Самые популярные песни группы Король и шут

Click here to take the quiz!

General Stats

  • This quiz has been taken 605 times
    (594 since last reset)
  • The average score is 9 of 35

Answer Stats

Answer% Correct
Кукла колдуна
89%
Лесник
80%
Дурак и молния
70%
Прыгну со скалы
58%
Ели мясо мужики
57%
Проклятый старый дом
46%
Камнем по голове
43%
Мертвый анархист
41%
Ром
39%
Танец злобного гения
35%
Ведьма и осёл
31%
Марионетки
25%
Воспоминания о былой любви
22%
Северный флот
21%
Гимн шута
20%
Смельчак и ветер
20%
Два вора и монета
17%
Валет и дама
16%
Охотник
16%
Фокусник
15%
Некромант
12%
Сапоги мертвеца
11%
Фред
10%
Отражение
9%
Дагон
9%
Тайна хозяйки старинных часов
9%
На краю
7%
Отец и маски
7%
Счастье
7%
Невеста палача
5%
Дочка вурдалака
4%
Вдова и горбун
3%
Добрые люди
3%
Злодей и шапка
3%
Христова невеста
2%

Score Distribution

Percentile by Number Answered

Percent of People with Each Score

Your Score History

You have not taken this quiz since the last reset